Normal view
MARC view
- KUNO, MICHIYA
Entry Personal Name
001 - CONTROL NUMBER
- control field: 91223
003 - CONTROL NUMBER IDENTIFIER
- control field: NUST
005 - DATE AND TIME OF LATEST TRANSACTION
- control field: 20220426125745.0
008 - FIXED-LENGTH DATA ELEMENTS
- fixed length control field: 220426|| aca||aabn | a|a d
040 ## - CATALOGING SOURCE
- Original cataloging agency: NUST
- Transcribing agency: NUST
100 ## - HEADING--PERSONAL NAME
- Personal name: KUNO, MICHIYA
670 ## - SOURCE DATA FOUND
- Source citation: Work cat.: (NUST): KUNO, MICHIYA., EARTHQUAKE ENGINEERING FOR NUCLEAR FACILITIES /, 2017.
